Faculty of Law Library — Cairo University

Official Online Catalog

Immigration procedures handbook / (Record no. 65895)

MARC details
000 -LEADER
fixed length control field 00984nam a2200313 i 4500
003 - CONTROL NUMBER IDENTIFIER
control field EG-GICUC
005 - DATE AND TIME OF LATEST TRANSACTION
control field 20260309104812.0
008 - FIXED-LENGTH DATA ELEMENTS--GENERAL INFORMATION
fixed length control field 260309b1993 nyu||||fr|||| 00| 0 eng d
020 ## - INTERNATIONAL STANDARD BOOK NUMBER
International Standard Book Number 08871205
020 ## - INTERNATIONAL STANDARD BOOK NUMBER
International Standard Book Number 0876329431
040 ## - CATALOGING SOURCE
Original cataloging agency EG-GiCUC
Language of cataloging eng
Transcribing agency EG-GiCUC
Modifying agency EG-GiCUC
Description conventions rda
082 04 - DEWEY DECIMAL CLASSIFICATION NUMBER
Edition number 21
Classification number 341.83
092 04 - LOCALLY ASSIGNED DEWEY CALL NUMBER (OCLC)
Edition number 21
099 ## - LOCAL FREE-TEXT CALL NUMBER (OCLC)
Classification number Law 12 1993
100 1# - MAIN ENTRY--PERSONAL NAME
Personal name Fragomen, Austin.
245 10 - TITLE STATEMENT
Title Immigration procedures handbook /
Statement of responsibility, etc. Austin T. Fragomen, Alfred J. Del Rey, Steven C. Bell.
264 ## - PRODUCTION, PUBLICATION, DISTRIBUTION, MANUFACTURE, AND COPYRIGHT NOTICE
Place of production, publication, distribution, manufacture New York :
Name of producer, publisher, distributor, manufacturer Clark Boardman Callaghan,
Date of production, publication, distribution, manufacture, or copyright notice 1993.
300 ## - PHYSICAL DESCRIPTION
Extent various pages ;
Dimensions 30 cm
336 ## - CONTENT TYPE
Source rda content
Content type term text
337 ## - MEDIA TYPE
Source rda media
Media type term Computer
338 ## - CARRIER TYPE
Source rda carrier
Carrier type term Online Resource
490 ## - SERIES STATEMENT
Series statement Immigration Law Library
650 #0 - SUBJECT ADDED ENTRY--TOPICAL TERM
Topical term or geographic name entry element Immigration Law
Form subdivision Handbooks, manuals, etc..
700 1# - ADDED ENTRY--PERSONAL NAME
Personal name Del Ray, Alfred J.
700 1# - ADDED ENTRY--PERSONAL NAME
Personal name Bell, Steven C.
856 40 - ELECTRONIC LOCATION AND ACCESS
Uniform Resource Identifier <a href="https://fll.law.cu.edu.eg/fulltext/bks/ENGB12-00075.pdf">https://fll.law.cu.edu.eg/fulltext/bks/ENGB12-00075.pdf</a>
905 ## - Cataloger and Reviser Names
Cataloger Name: Hend El khosy
942 ## - ADDED ENTRY ELEMENTS (KOHA)
Source of classification or shelving scheme Dewey Decimal Classification
Koha item type Books
Edition 21
Suppress in OPAC No
Holdings
Withdrawn status Lost status Source of classification or shelving scheme Damaged status Not for loan Collection Home library Current library Date acquired Total checkouts Full call number Barcode Date last seen Copy number Price effective from Koha item type Public note
    Dewey Decimal Classification     القانون الدولي الخاص جــــامعة القــاهرة مكتبة كلية الحقوق - فـرع الشيخ زايد 09.03.2026   Law2 12 341.83 FR . I 1993 1200075 C1 ENGB12-00075 09.03.2026 1 09.03.2026 Books 825

© All rights reserved — Faculty of Law, Cairo University